00452cam a2200157ua 4500001000400000008003900004040000900043082001200052245007500064250000900139260002700148300001800175653002200193653005300215700002600268740110419n ii |||gr||||Z||||||eng cMAIN a320.9541 aFederal authority : bIn the Indian political system / cby S.L.Verma  a1st. aJaipur:bR.B.S.A.,987. a192p.:c20cm. aPolitical science aFederal authority in the Indian political system aVerma, S.L.,eAuthor.